| 000 | 00385nam a2200157Ia 4500 | ||
|---|---|---|---|
| 008 | 231221s9999 xx 000 0 und d | ||
| 020 | _a9790000000000 | ||
| 041 | _aEnglish | ||
| 082 | _a370.113 VEE;6 | ||
| 100 | _aVeeraiah, B. | ||
| 245 | 0 | _aEducation in emerging in India | |
| 260 |
_c2009 _bHimalaya _aMumbai |
||
| 300 | _axi, 401 | ||
| 650 | _aEducation,India | ||
| 942 | _cED | ||
| 999 |
_c210918 _d210918 |
||